000 00285nam a22001337a 4500
008 170627b xxu||||| |||| 00| 0 eng d
020 _a9780205819348
041 _aeng
080 _a5
100 _a21
101 _aGJL
245 _aTHE SKILLED READER
_cHENRY,D.J
942 _2udc
_cBK
999 _c19204
_d19204